Asuka Quiz Stats

 Plays Quiz not verified by Sporcle

Also try: Marvel or DC
Challenge
Share
Tweet
Embed
Score 0/20 Timer 20:00
0 Plays Today
Hint Answer % Correct
WWE NameAsuka
100%
Who did she defeat to become Womens ChampionBayley
91.4%
She is being trained by this programNXT
90.3%
Submission Finisher HoldAsuka Lock
72%
Actively works for this promotionWorld Wrestling Entertainment
68.8%
Survived this godzilla like womanNia Jax
67.7%
Defeated this WWE VeteranMickie James
67.7%
Turned heel against this WerewolfEmber Moon
67.7%
Won Last Woman Standing match against who?Nikki Cross
65.6%
Pro Wrestling NameKana
57%
Hint Answer % Correct
Defeated this Iconic duo in a Fatal 4 WayBillie Kay & Peyton Royce
57%
At what event?NXT Takeover: Dallas
53.8%
Where is she from?Osaka, Japan
52.7%
Day before this major eventWrestleMania 32
45.2%
Day before this major eventWrestleMania 33
43%
At this event (yes, 1 year later)NXT Takeover: Orlando
36.6%
Worked for this United States promotionShimmer
22.6%
Real NameKanako Urai
20.4%
Finisher move (technical name)Spin Kick
14%
Worked for this Japanese promotionPro Wrestling Wave
12.9%

You're not logged in!

Compare scores with friends on all Sporcle quizzes.
Join for Free
OR
Log In

You Might Also Like...

Show Comments

Extras

Created Jun 30, 2017ReportNominate
Tags:WWE Quiz, nxt, Pro Wrestling

Top Quizzes Today


Score Distribution

Your Account Isn't Verified!

In order to create a playlist on Sporcle, you need to verify the email address you used during registration. Go to your Sporcle Settings to finish the process.

Report this User

Report this user for behavior that violates our Community Guidelines.

Details: